Datum a čas kvízu
31
Celkem bodů
Celkový počet nahraných bodů na tomto kvízu bez doplňovacích otázek.
9.
Pořadí na kvízu
Konečné umístění týmu na tomto kvízu.
Zaznamenané odpovědi
| # | Otázka | Odpověď | Body | Výsledky |
|---|---|---|---|---|
| 1. | V pondělí se konal ustavující... | GEN | 0 | |
| 2. | Mladý chirurg z Tchaj-peje si... | C) vasektomii (sterilizaci) | 1 | |
| 3. | Ministerstvo kultury učinilo d... | C) česká pivní kultura | 1 | |
| 4. | Jak se nazývá zvířecí znamení... | had | 1 | |
| 5. | O víkendu proběhly v Ostravě k... | (Jižní) Korea, Tomáš Berdych | 0.5 | |
| 6. | Začneme největšími společnými... | Poupata, Michal David | 1 | |
| 7. | Napište anglický dvouslovný ná... | step aerobic | 0 | |
| 8. | Tato cvičební metoda se snaží... | Pilates | 1 | |
| 9. | Bikram jóga je speciální druh... | C) cvičí se v sále vyhřátém na 42 °C | 1 | |
| 10. | Jak se jmenuje tato 55letá žen... | Olga Studničková (Šípková) | 1 |